000 00861nam a2200229Ii 4500
003 JO-AjNU
008 230605s9999||||xx |||||||||||||| ||und||
017 _a2020/2/291
020 _a978-9923-25-281-9
040 _aJO-AjNU
_bara
_erda
_cJO-AjNU
041 _aara
050 1 4 _aS591 2021
100 3 _aالجبوري، سلام هاتف احمد,
_eauthor
_964227
245 0 0 _aمشاكل التربة
250 _aط1
264 3 1 _aعمان: دار امجد للنشر التوزيع، 2021
300 _a513ص
_bيحتوي على مصادر من ص493- 508ومصادر باللغه الانجليزيه من ص509-513
336 _atext
_btxt
_2rdacontent
337 _aunmediated
_bn
_2rdamedia
338 _avolume
_bnc
_2rdacarrier
650 4 _aالتربة- فييزياء التربة- كيمياء التربة- مشاكل التربة
_964228
999 _aA29177
_c32745
_d32745